|
|
|
|
| LEADER |
00943cam a2200217 7i4500 |
| 001 |
0000034204 |
| 005 |
20170218090000.0 |
| 008 |
100709 eng |
| 090 |
0 |
0 |
|a HF1134.U55
|b S93 2009
|
| 100 |
0 |
|
|a Syazuani Yahya
|
| 245 |
1 |
2 |
|a A tracer study of Universiti Industri Selangor, Faculty of Industrial Managment (FIM) graduates for the year 2006 to 2008 based employability
|c Syazuani Binti Yahya, Rahmah Binti Alias, Nor Rohaya Binti Nordin.
|
| 260 |
|
|
|a Bestari Jaya, Selangor:
|b UNISEL,
|c 2009.
|
| 300 |
|
|
|a vii, 106 p.:
|b col. ill.;
|c 30 cm.
|
| 504 |
|
|
|a Includes bibliographical references
|
| 610 |
2 |
|
|a Universiti Industri Selangor
|
| 650 |
0 |
0 |
|a Business graduates --
|x Employment
|
| 700 |
0 |
|
|a Rahmah Alias
|
| 700 |
0 |
|
|a Nor Rohaya Nordin
|
| 997 |
|
|
|a Business & Accountancy, Faculty
|
| 998 |
|
|
|a Marketing, Degree
|
| 999 |
|
|
|a PRC0000369
|b PROJECT REPORT COLLECTION
|c PROJECT REPORT COLLECTION
|e Thesis Room, Bestari Jaya
|